000 00994nam a2200325 a 4500
999 _c12157
_d12157
001 12157
003 BD-JhCC
005 20210322084638.0
008 210322r19942004enka b 001 0 eng d
020 _a0077079760 (pbk.)
020 _a0074620258
035 _a(BD-JhCC)12157
040 _beng
_erda
_dUkOxU
_dBD-JhCC
_cBD-JhCC
082 _a535.84
_bBAN 2004
092 _aD0501907441
100 1 _aBanwell, C. N.
245 1 0 _aFundamentals of molecular spectroscopy /
_cColin N. Banwell, Elaine M. McCash.
250 _a4th edition
264 1 _aLondon :
_bMcGraw-Hill,
_c2004 [reprinted]
264 4 _c©1994
300 _axii, 308 pages :
_billustrations, tables ;
_c25 cm.
336 _atext
_2rdacontent
337 _aunmediated
_2rdamedia
338 _avolume
_2rdacarrier
504 _aIncludes bibliographical references and index.
650 0 _aMolecular spectroscopy.
650 0 _aSpectrum analysis
700 1 _aMcCash, Elaine M.,
_d1961-
_eauthor.
942 _2ddc
_cBK